| 000 | 00658nam a2200205 a 4500 | ||
|---|---|---|---|
| 005 | 20241029063711.0 | ||
| 008 | 991125s1975 ag 000 0 spa u | ||
| 035 | _aUPN01000015537 | ||
| 049 | _aCG | ||
| 050 | 4 |
_aGV361 _bB5.38 |
|
| 100 | 1 | _aBilbrough, A. | |
| 245 | 1 | 0 |
_aDidáctica y desarrollo de la educación física / _cA. Bilbrough, Percy Jones ; tr. Iris Ucha. |
| 260 |
_aBuenos Aires : _bKapelusz, _c1975. |
||
| 300 | _a205 p. | ||
| 440 | 0 |
_aEducación física ; _v1 |
|
| 650 | 4 |
_aEducación física _xEstudio y enseñanza _94839 |
|
| 650 | 4 |
_aEDUCACION FISICA - _xPLANIFICACION _95378 |
|
| 700 | 1 |
_aJones, Percy, _d1915- , _ecoaut. |
|
| 905 | _aLibro | ||
| 999 |
_c15537 _d15537 |
||